000 00645nam a2200241Ia 4500
003 OSt
005 20220918192032.0
006 a|||||r|||| 00| 0
007 ta
008 220917b |||||||| |||| 00| 0 eng d
024 _a66,639
037 _cTextual
040 _aARTS
_cARTS
_beng
041 _2eng
_aeng
082 _aR3xK32:g, N3
100 _aTully James
_978130
245 0 _aApproach to political philosophy
_b Locke in contexts
260 _aCambridge
_bCUP
_c1993
300 _axii,333p.
_ccm.
490 _aIdeas in context
942 _hR3xK32:g, N3
_cTEXL
_2CC
999 _c192872
_d192872